000 00348 a2200157 4500
001 171283
020 _a
040 _cMagnum
100 _aSarmento, Leila Lauar
240 1 0 _aOficina de redacao - 5 serie
_lpor
245 1 0 _aOficina de redacao - 5 serie
362 0 _a1899
440 1 _aModerna
697 _aPRODUCAO DE TEXTO
942 _cBK
999 _c171283
_d171283